000 00849nam a2200229 i 4500
001 117901
003 ES-MaACL
005 20230906191007.0
007 t|
008 070214s1972 sp f r ||||1| spa d
080 _a343.819.3(436.2 Mauthausen)
100 1 _aPappalettera, Vincenzo.
_988885
245 1 4 _aLos SS tienen la palabra
_b: las leyes del campo de Mauthausen reveladas por los Schutz-Staffel /
_cVincenzo y Luigi Pappalettera ; [versión de Gonzalo Arias].
250 _a1ª ed.
260 _aBarcelona :
_bLaia,
_c1972.
300 _a192 p., 4 lám. ;
_c21 cm.
650 0 4 _aGuerra mundial, 1939-1945-
_xCampos de concentración.
_913235
651 4 _aMauthausen (Austria, Campo de concentración)-
_xHistoria.
_9155377
700 1 _aPappalettera, Luigi.
_988884
700 1 _aArias, Gonzalo.
_922747
852 _aES-MaACL
_jC-47991
999 _c117901
_d117901